Il piacere /
সংরক্ষণ করুন:
| প্রধান লেখক: | |
|---|---|
| বিন্যাস: | গ্রন্থ |
| ভাষা: | ইতালিয় |
| প্রকাশিত: |
Milano :
A. Mondadori,
1966
|
| সংস্করন: | 3. ed |
| মালা: | Oscar ;
10 |
| ট্যাগগুলো: |
কোনো ট্যাগ নেই, প্রথমজন হিসাবে ট্যাগ করুন!
|
MARC
| LEADER | 00000nam a22000007i 4500 | ||
|---|---|---|---|
| 001 | IT\ICCU\BVE\0398774 | ||
| 003 | ItRI | ||
| 005 | 20260115232233.0 | ||
| 008 | 060405s1966 it |||||| ||||| |||||c | ||
| 040 | |b ita |c importazione bologna sebina | ||
| 041 | 7 | |a ita |2 ISO-639-2 | |
| 100 | 1 | |a D'Annunzio, Gabriele |0 IT\ICCU\CFIV\000030 |4 aut | |
| 240 | 1 | 3 | |a Il piacere |3 IT\ICCU\TER\0030060 |9 D'Annunzio, Gabriele |
| 245 | 1 | 3 | |a Il piacere / |c Gabriele d'Annunzio. |
| 250 | |a 3. ed | ||
| 260 | |a Milano : |b A. Mondadori, |c 1966 | ||
| 300 | |a 356 p. ; |c 19 cm | ||
| 790 | 1 | |a Nuncius, Gabriel |3 IT\ICCU\CFIV\257495 |z D'Annunzio, Gabriele | |
| 790 | 1 | |a D'Annunzio, Gabriel |3 IT\ICCU\CFIV\375529 |z D'Annunzio, Gabriele | |
| 790 | 0 | |a Ariel |3 IT\ICCU\LO1V\207461 |z D'Annunzio, Gabriele | |
| 790 | 0 | |a Cocles |3 IT\ICCU\LO1V\207462 |z D'Annunzio, Gabriele | |
| 790 | 1 | |a De' Fiori, Mario |3 IT\ICCU\RT1V\039568 |z D'Annunzio, Gabriele | |
| 790 | 1 | |a Fiori, Mario : De' |3 IT\ICCU\RT1V\039571 |z D'Annunzio, Gabriele | |
| 790 | 1 | |a Cocles, Angelo |3 IT\ICCU\TERV\030674 |z D'Annunzio, Gabriele | |
| 830 | 0 | |a Oscar ; |v 10 |0 IT\ICCU\CFI\0000102 | |
| 942 | |2 ddc |c BK |n 0 | ||
| 952 | |0 0 |1 0 |4 0 |6 DOC_853_800000000000000_DAN |7 0 |9 22604 |a BO |b BO |d 2026-01-15 |i 9936 |l 0 |o DOC 853.8 DAN |p BO9936 |r 2026-01-15 23:22:33 |w 2026-01-15 |x [Sebina 5] [1 v.] |y BK |z 1 v. | ||
| 999 | |c 19303 |d 19303 | ||